15 Największych miast Polski - Statystyki

Ogólne statystyki
  • Ten quiz został rozwiązany 122 razy
  • Średni wynik to 13 z 15
Statystyki odpowiedzi
Hint Odpowiedź % Poprawnych
1 863 056 Warszawa
99%
802 583 Kraków
96%
470 621 Gdańsk
95%
642 687 Wrocław
95%
286 960 Katowice
94%
529 410 Poznań
94%
664 071 Łódź
93%
395 513 Szczecin
91%
336 339 Lublin
87%
243 918 Gdynia
85%
295 683 Białystok
83%
339 053 Bydgoszcz
83%
198 609 Rzeszów
83%
206 946 Radom
70%
214 342 Częstochowa
69%
Nie znaleziono quizów pasujących do podanych kryteriów
Rozkład punktacji
Procent ludzi z każdym wynikiem
Percentyl według liczby udzielonych odpowiedzi
Twoja historia wyników
Nie rozwiązałeś tego quizu